<?xml version="1.0" encoding="UTF-8"?><?xml-stylesheet type="text/xsl" href="static/style.xsl"?><OAI-PMH xmlns="http://www.openarchives.org/OAI/2.0/" xmlns:xsi="http://www.w3.org/2001/XMLSchema-instance" xsi:schemaLocation="http://www.openarchives.org/OAI/2.0/ http://www.openarchives.org/OAI/2.0/OAI-PMH.xsd"><responseDate>2026-05-11T15:38:09Z</responseDate><request verb="GetRecord" identifier="oai:riubu.ubu.es:10259/7894" metadataPrefix="marc">https://riubu.ubu.es/oai/request</request><GetRecord><record><header><identifier>oai:riubu.ubu.es:10259/7894</identifier><datestamp>2023-11-23T12:04:06Z</datestamp><setSpec>com_10259.4_2539</setSpec><setSpec>com_10259_5086</setSpec><setSpec>com_10259_2604</setSpec><setSpec>com_10259_3844</setSpec><setSpec>com_10259_6201</setSpec><setSpec>col_10259.4_2540</setSpec><setSpec>col_10259_3845</setSpec><setSpec>col_10259_6202</setSpec></header><metadata><record xmlns="http://www.loc.gov/MARC21/slim" xmlns:doc="http://www.lyncode.com/xoai" xmlns:xsi="http://www.w3.org/2001/XMLSchema-instance" xmlns:dcterms="http://purl.org/dc/terms/" xsi:schemaLocation="http://www.loc.gov/MARC21/slim http://www.loc.gov/standards/marcxml/schema/MARC21slim.xsd">
<leader>00925njm 22002777a 4500</leader>
<datafield tag="042" ind1=" " ind2=" ">
<subfield code="a">dc</subfield>
</datafield>
<datafield tag="720" ind1=" " ind2=" ">
<subfield code="a">Díez Fernández-Lomana, Juan Carlos</subfield>
<subfield code="e">author</subfield>
</datafield>
<datafield tag="720" ind1=" " ind2=" ">
<subfield code="a">Alonso Alcalde, Rodrigo</subfield>
<subfield code="e">author</subfield>
</datafield>
<datafield tag="720" ind1=" " ind2=" ">
<subfield code="a">Bengoechea Molinero, Alberto</subfield>
<subfield code="e">author</subfield>
</datafield>
<datafield tag="720" ind1=" " ind2=" ">
<subfield code="a">Colina Santamaría, Álvaro</subfield>
<subfield code="e">author</subfield>
</datafield>
<datafield tag="720" ind1=" " ind2=" ">
<subfield code="a">Jordá Pardo, Jesús F.</subfield>
<subfield code="e">author</subfield>
</datafield>
<datafield tag="720" ind1=" " ind2=" ">
<subfield code="a">Navazo Ruiz, Marta</subfield>
<subfield code="e">author</subfield>
</datafield>
<datafield tag="720" ind1=" " ind2=" ">
<subfield code="a">Ortiz, José Eugenio</subfield>
<subfield code="e">author</subfield>
</datafield>
<datafield tag="720" ind1=" " ind2=" ">
<subfield code="a">Pérez, Sara</subfield>
<subfield code="e">author</subfield>
</datafield>
<datafield tag="720" ind1=" " ind2=" ">
<subfield code="a">Torres, Trinidad</subfield>
<subfield code="e">author</subfield>
</datafield>
<datafield tag="260" ind1=" " ind2=" ">
<subfield code="c">2008</subfield>
</datafield>
<datafield tag="520" ind1=" " ind2=" ">
<subfield code="a">Se revisan los sitios clásicos del Paleolítico medio, La Ermita y Millán, añadiendo la información del cercano yacimiento La Mina, todos en el valle del Arlanza (Hortigüela, Burgos). Se realizan nuevas dataciones, se prospecta y analizan las materias primas con ICP-MS, se realiza un estudio zooarqueológico y describimos los productos líticos, incluyendo los cantos no tallados y el conjunto inédito de Millán superficie. Las dataciones demuestran una larga ocupación del valle en las fases templadas del EIO 3 por parte de grupos humanos que usan las cuevas como campamentos de corta duración, generalmente estacional. El aprovisionamiento de materias líticas es local, con uso exhaustivo del sílex. Se realiza una caza de amplio espectro en todos los biotopos aledaños, con una particular búsqueda de las pieles y cueros de los animales. Se infiere una explotación radial e intensa sobre el valle del Arlanza.</subfield>
</datafield>
<datafield tag="520" ind1=" " ind2=" ">
<subfield code="a">Two classic Middle Palaeolithic sites, La Ermita and Millán were revised, together with additional information from the nearby La Mina site, all in the Arlanza River valley (Hortigüela, Burgos, Spain). New dating and prospecting work was done, raw materials were studied using  ICP-MS, a zooarchaeological study was conducted and we describe the stone products, including unworked stones and the unpublished Millán surface assemblage. The datings indicate long-term occupation of the valley in the temperate phases of OIS by human groups that used the caves as short-term campsites (usually seasonal). Stone material supplies were local, with exhaustive use of flint. Broad spectrum hunting was done in all the surrounding biotopes, including specific searches for animal skins and hides. We infer intense, radial exploitation of the Arlanza Valley.</subfield>
</datafield>
<datafield tag="024" ind2=" " ind1="8">
<subfield code="a">0214-1744</subfield>
</datafield>
<datafield tag="024" ind2=" " ind1="8">
<subfield code="a">http://hdl.handle.net/10259/7894</subfield>
</datafield>
<datafield tag="024" ind2=" " ind1="8">
<subfield code="a">2695-8589</subfield>
</datafield>
<datafield ind1=" " ind2=" " tag="653">
<subfield code="a">Paleolítico medio</subfield>
</datafield>
<datafield ind1=" " ind2=" " tag="653">
<subfield code="a">Neandertales</subfield>
</datafield>
<datafield ind1=" " ind2=" " tag="653">
<subfield code="a">Tipos de asentamiento</subfield>
</datafield>
<datafield ind1=" " ind2=" " tag="653">
<subfield code="a">Subsistencia</subfield>
</datafield>
<datafield ind1=" " ind2=" " tag="653">
<subfield code="a">Valle del Arlanza (España)</subfield>
</datafield>
<datafield ind1=" " ind2=" " tag="653">
<subfield code="a">Middle Palaeolithic</subfield>
</datafield>
<datafield ind1=" " ind2=" " tag="653">
<subfield code="a">Neanderthals</subfield>
</datafield>
<datafield ind1=" " ind2=" " tag="653">
<subfield code="a">Site types</subfield>
</datafield>
<datafield ind1=" " ind2=" " tag="653">
<subfield code="a">Subsistence</subfield>
</datafield>
<datafield ind1=" " ind2=" " tag="653">
<subfield code="a">Arlanza Valley (Spain)</subfield>
</datafield>
<datafield tag="245" ind1="0" ind2="0">
<subfield code="a">El Paleolítico Medio en el Valle del Arlanza (Burgos). Los sitios de La Ermita, Millán y La Mina</subfield>
</datafield>
</record></metadata></record></GetRecord></OAI-PMH>